01657nab a2200313uuc4500001000800000005001700008008004100025035001200066035002100078040001300099041000800112100003600120245008300156260001000239520065500249650002500904650001200929650002300941700003600964700003001000700003701030700003101067700002601098700004501124700003001169700002401199700003001223773009001253114720120240202091916.0090602s2008 spa  a1147201 a(OCoLC)820477724 ccomduadb aspa10aCilleruelo, Maria Luz4auteaut10aCribado de enfermedad celiaca en poblacion infantil geneticamente seleccionada c2008.3 aLa enfermedad celíaca (EC) se desarrolla exclusivamente en individuos genéticamente predispuestos. El objetivo de este estudio prospectivo ha sido determinar la prevalencia de EC en una cohorte de niños HLA-DQ2 positivos. Para ello se realizó en primer lugar el HLA-DQ2 en sangre de cordón umbilical del recién nacido y posteriormente la EC fue confirmada mediante estudio serológico (anticuerpos antiendomisio y antitransglutaminasa). De un total de 1716 recién nacidos participaron en el estudio 1291 (75,23%) de los cuales 361 (27,97%) fueron HLA-DQ2 positivos. La prevalencia de EC en este grupo de riesgo genético fue de 9,54%. aEnfermedad celíaca aCribado aMolécula HLA-DQ210aGarrote, Jose Antonio4auteaut10aArranz, Eduardo4auteaut10aJimenez Jimenez, Juana4auteaut10aFernandez, Sonia4auteaut10aBlanco, Cos4auteaut10aHernando de Larramendi, Carmen4auteaut10aCenteno, Miriam4auteaut10aRayo, Ana4auteaut10aSanchez, Miguel4auteaut0 tTrauma (Madrid)gVol. 19, No. 03, Jul.-Sep. 2008, 191-194w1142282x1888-61160506338